Clubs de rugby en Auvergne-Rhône-Alpes - Statistiques

Statistiques générales
  • Ce quiz a été pris 109 fois
  • Le résultat moyen est 8 sur 13
Statistiques - réponses
Championnat Actuel Club % Correct
Top 14 ASM Clermont
98%
Top 14 Lyon OU
95%
Pro D2 FC Grenoble
84%
Pro D2 Stade Aurillacois
73%
Pro D2 Valence Romans
71%
Nationale SO Chambéry
69%
Pro D2 US Oyonnax
68%
Nationale US Bressane
66%
Nationale CS Bourgoin-Jallieu
54%
Nationale 2 CS Vienne
40%
Nationale 2 Stade Métropolitain
35%
Nationale 2 RC Aubenas Vals
30%
Nationale 2 RC Savoie Rumilly
26%
Aucun quiz correspondant
Distribution des résultats
% des personnes avec chaque résultat
Percentile par nombre de réponses
Votre historique - résultats
Vous n’avez pas pris ce quiz